000 00432nam a2200145 4500
001 148876
003 ES-MaACL
007 t|
008 070214s1954 sp r ||||1| spa d
100 1 _aSuils Pérez, Angel.
_9108742
245 1 0 _aDios, mi tierra y yo /
_cAngel Suils Pérez.
260 _aLogroño :
_b[s. n.,
_c1954] (
_fArtes Gráficas de Librado Notario)
300 _a132 p. ;
_c21 cm.
852 _aES-MaACL
_jC-8756
_bR.36522
999 _c148876
_d148876